[Event "Titled Tuesday intern op 23rd Apr Late"]
[Site "Chess.com INT"]
[Date "2024.04.23"]
[Round "7"]
[White "Martin Fuentes, Alberto"]
[Black "Sroczynski, Maciej"]
[Result "1-0"]
[WhiteElo "2372"]
[BlackElo "2256"]
[PlyCount "57"]
[EventDate "2024.04.23"]
[EventType "swiss (blitz)"]
[EventRounds "11"]
[EventCountry "USA"]
[SourceTitle "CB18_2024"]
[SourceDate "2024.05.01"]
[SourceVersion "1"]
[SourceVersionDate "2024.05.01"]
[SourceQuality "2"]

1. e4 e6 2. d4 d5 3. Nc3 Nf6 4. Bg5 Be7 5. e5 Nfd7 6. Bxe7 Qxe7 7. Nce2 c5 8. c3 Nc6 9. Nf3 f6 10. exf6 Nxf6 11. Ng3 e5 12. dxe5 Nxe5 13. Nxe5 Qxe5+ 14. Qe2 Qxe2+ 15. Bxe2 Be6 16. 0-0-0 0-0-0 17. Rhe1 Rhe8 18. Bf3 Kc7 19. h3 g6 20. Ne2 g5 21. Ng3 b5 22. Re5 h6 23. Nh5 Nd7 24. Re2 Bf7 25. Rxe8 Rxe8 26. Ng7 Rg8 27. Nf5 Nf6 28. Nxh6 Re8 29. Nxf7 1-0

[Event "Titled Tuesday intern op 23rd Apr Late"]
[Site "Chess.com INT"]
[Date "2024.04.23"]
[Round "8"]
[White "Sroczynski, Maciej"]
[Black "Ivanov, Aleksandr Y"]
[Result "1-0"]
[WhiteElo "2256"]
[BlackElo "2068"]
[PlyCount "65"]
[EventDate "2024.04.23"]
[EventType "swiss (blitz)"]
[EventRounds "11"]
[EventCountry "USA"]
[SourceTitle "CB18_2024"]
[SourceDate "2024.05.01"]
[SourceVersion "1"]
[SourceVersionDate "2024.05.01"]
[SourceQuality "2"]

1. d4 d5 2. c4 e6 3. Nf3 c6 4. Qc2 dxc4 5. Qxc4 b5 6. Qc2 Bb7 7. a4 b4 8. Nbd2 Nd7 9. e4 Ngf6 10. Bd3 c5 11. dxc5 Bxc5 12. e5 Nd5 13. Ne4 Be7 14. 0-0 0-0 15. Qe2 h6 16. Rd1 Qa5 17. Ng3 Nc5 18. Bb1 b3 19. Nd4 Rac8 20. Qg4 Bg5 21. Bxg5 hxg5 22. Qxg5 Qd8 23. Qh5 g6 24. Bxg6 fxg6 25. Qxg6+ Kh8 26. Qh6+ Kg8 27. Nxe6 Nxe6 28. Qxe6+ Rf7 29. Nf5 Qg5 30. Nh6+ Kg7 31. Nxf7 Nf4 32. Nxg5 Nxe6 33. Nxe6+ 1-0

[Event "Titled Tuesday intern op 16th Apr Late"]
[Site "Chess.com INT"]
[Date "2024.04.16"]
[Round "11"]
[White "Karamsetty, Jeevan"]
[Black "Sroczynski, Maciej"]
[Result "1-0"]
[WhiteElo "2222"]
[BlackElo "2256"]
[PlyCount "109"]
[EventDate "2024.04.16"]
[EventType "swiss (blitz)"]
[EventRounds "11"]
[EventCountry "USA"]
[SourceTitle "CB17_2024"]
[SourceDate "2024.04.24"]
[SourceVersion "1"]
[SourceVersionDate "2024.04.24"]
[SourceQuality "1"]

1. e4 e6 2. d4 d5 3. exd5 exd5 4. Bd3 Bd6 5. Nf3 Ne7 6. 0-0 Bg4 7. h3 Bh5 8. Re1 Nbc6 9. Nbd2 Nxd4 10. c3 Nxf3+ 11. Nxf3 Qd7 12. a4 0-0-0 13. a5 Kb8 14. a6 b6 15. Be2 f6 16. Nd4 Bxe2 17. Qxe2 Nf5 18. Be3 Rhe8 19. Nxf5 Qxf5 20. Qb5 Qd7 21. Qd3 g6 22. Kh1 Qc6 23. Red1 Bc5 24. Bxc5 Qxc5 25. Qf3 Rd6 26. Re1 Rde6 27. Rxe6 Rxe6 28. Rd1 Rd6 29. Re1 Rd8 30. Qxf6 Qf8 31. Qh4 Qd6 32. Qxh7 d4 33. cxd4 Qxd4 34. Re3 Qxb2 35. Qxg6 Qa1+ 36. Kh2 Qxa6 37. Qf6 Qc8 38. h4 a5 39. h5 Rf8 40. Qh4 Rh8 41. h6 Qf8 42. h7 Qd6+ 43. Rg3 Ka7 44. f4 Qd7 45. Rh3 Qf7 46. Qh6 a4 47. Kg1 Ka6 48. Ra3 Ka5 49. Qg5+ b5 50. Qc5 Qxh7 51. Qc3+ Ka6 52. Qc6+ Ka5 53. Qc3+ Kb6 54. Qd4+ Ka6 55. Rc3 1-0

[Event "Titled Tuesday intern op 16th Apr Late"]
[Site "Chess.com INT"]
[Date "2024.04.16"]
[Round "7"]
[White "Maltsevskaya, Aleksandra"]
[Black "Sroczynski, Maciej"]
[Result "1-0"]
[WhiteElo "2393"]
[BlackElo "2256"]
[PlyCount "87"]
[EventDate "2024.04.16"]
[EventType "swiss (blitz)"]
[EventRounds "11"]
[EventCountry "USA"]
[SourceTitle "CB17_2024"]
[SourceDate "2024.04.24"]
[SourceVersion "1"]
[SourceVersionDate "2024.04.24"]
[SourceQuality "1"]

1. e4 c5 2. Nf3 d6 3. d4 cxd4 4. Nxd4 Nf6 5. Nc3 a6 6. g3 e6 7. Bg2 Be7 8. 0-0 Qc7 9. h3 Bd7 10. Qe2 Nc6 11. Rd1 Nxd4 12. Rxd4 Bc6 13. Bg5 h6 14. Be3 e5 15. Rd2 b5 16. a3 0-0 17. Rad1 Rab8 18. g4 a5 19. h4 b4 20. axb4 axb4 21. Nd5 Nxd5 22. exd5 Bb5 23. Qf3 f5 24. gxf5 Bd7 25. Bh3 Qd8 26. Qg2 Kh8 27. Qg6 Rf6 28. Qh5 Qf8 29. Kh2 Bxf5 30. Rg1 Bxh3 31. Kxh3 Rf3+ 32. Kh2 Qf6 33. Rg6 Qxh4+ 34. Qxh4 Bxh4 35. Rxd6 Rbf8 36. Kg2 Be7 37. Re6 Bf6 38. d6 Rf5 39. d7 Bd8 40. Bc5 Rg8 41. Bxb4 Rf6 42. Rxe5 Rb6 43. Be7 Rxb2 44. Bxd8 1-0

[Event "Titled Tuesday intern op 16th Apr Late"]
[Site "Chess.com INT"]
[Date "2024.04.16"]
[Round "6"]
[White "Sroczynski, Maciej"]
[Black "Fiorito, Francisco"]
[Result "1-0"]
[WhiteElo "2256"]
[BlackElo "2376"]
[PlyCount "87"]
[EventDate "2024.04.16"]
[EventType "swiss (blitz)"]
[EventRounds "11"]
[EventCountry "USA"]
[SourceTitle "CB17_2024"]
[SourceDate "2024.04.24"]
[SourceVersion "1"]
[SourceVersionDate "2024.04.24"]
[SourceQuality "1"]

1. d4 Nf6 2. c4 c5 3. d5 e5 4. Nc3 d6 5. e4 g6 6. Bd3 Bg7 7. Nge2 0-0 8. 0-0 Nbd7 9. Ng3 a6 10. a3 b6 11. b4 h5 12. Bg5 Qe8 13. Qd2 Nh7 14. Bh6 Bxh6 15. Qxh6 Qe7 16. Rab1 Qg5 17. Qxg5 Nxg5 18. h4 Nh7 19. Nge2 f5 20. f4 exf4 21. exf5 Ne5 22. fxg6 Nxd3 23. gxh7+ Kxh7 24. bxc5 bxc5 25. Ne4 Bg4 26. Rb7+ Kg6 27. N2c3 Rad8 28. Rb6 Ne5 29. Nxd6 Rf6 30. Nce4 Be2 31. Nxf6 Bxf1 32. Nfe4 Bd3 33. Nb7+ Kf5 34. Nxd8 Kxe4 35. Ne6 Nxc4 36. Rxa6 Be2 37. d6 Ne5 38. Nxc5+ Kd5 39. Ra5 Nc6 40. d7 Kd6 41. Ra8 Ke7 42. Re8+ Kd6 43. Rxe2 Kxc5 44. Re8 1-0

[Event "Titled Tuesday intern op 12th Mar Late"]
[Site "Chess.com INT"]
[Date "2024.03.12"]
[Round "4"]
[White "Sroczynski, Maciej"]
[Black "Dovzik, Juri"]
[Result "1-0"]
[WhiteElo "2262"]
[BlackElo "2225"]
[PlyCount "97"]
[EventDate "2024.03.12"]
[EventType "swiss (blitz)"]
[EventRounds "11"]
[EventCountry "USA"]
[SourceTitle "CB12_2024"]
[SourceDate "2023.10.01"]
[SourceVersion "1"]
[SourceVersionDate "2023.10.01"]
[SourceQuality "1"]

1. d4 c6 2. Nc3 g6 3. e4 Bg7 4. Be3 d5 5. e5 h5 6. Bd3 Nh6 7. Nge2 Bf5 8. Qd2 e6 9. f3 a6 10. 0-0-0 c5 11. dxc5 Nc6 12. f4 Bxd3 13. Qxd3 Nf5 14. Bf2 Bh6 15. Kb1 Qa5 16. g3 Bf8 17. h3 Bxc5 18. Bxc5 Qxc5 19. g4 Ne3 20. Rdg1 0-0-0 21. Na4 Qa7 22. Rg3 Nc4 23. g5 b5 24. Nac3 Kb7 25. Rd1 Qc5 26. Nd4 Nxd4 27. Qxd4 Qxd4 28. Rxd4 Rc8 29. Ne2 Kb6 30. Rd1 Rc7 31. Nd4 Rhc8 32. a3 a5 33. Ka2 a4 34. c3 Na5 35. Nc2 Rc4 36. Rf3 Re4 37. Nd4 Nc4 38. Kb1 Ne3 39. Re1 Nf5 40. Rxe4 dxe4 41. Rf1 Nxd4 42. cxd4 Rd8 43. Rd1 e3 44. Kc2 e2 45. Re1 Rxd4 46. Rxe2 Rxf4 47. Rd2 Rf5 48. Rd6+ Kc5 49. Rd7 1-0

[Event "Titled Tuesday intern op 27th Feb Late"]
[Site "Chess.com INT"]
[Date "2024.02.27"]
[Round "10"]
[White "Nagare, Kaivalya Sandip"]
[Black "Sroczynski, Maciej"]
[Result "1-0"]
[WhiteElo "2074"]
[BlackElo "2266"]
[PlyCount "77"]
[EventDate "2024.02.27"]
[EventType "swiss (blitz)"]
[EventRounds "11"]
[EventCountry "USA"]
[SourceTitle "CB10_2024"]
[SourceDate "2024.03.06"]
[SourceVersion "1"]
[SourceVersionDate "2024.03.06"]
[SourceQuality "1"]

1. e4 c5 2. Nf3 d6 3. d4 cxd4 4. Nxd4 Nf6 5. Nc3 a6 6. Bg5 e6 7. f4 h6 8. Bh4 Be7 9. Qf3 Qc7 10. 0-0-0 Nbd7 11. Bd3 g5 12. fxg5 Ne5 13. Qe2 Nfg4 14. Nf3 Nxf3 15. gxf3 hxg5 16. Bg3 Ne5 17. f4 gxf4 18. Bxf4 Bd7 19. Bg3 0-0-0 20. h4 Kb8 21. h5 Bg5+ 22. Kb1 Rc8 23. Qf2 Bc6 24. Bf4 Bf6 25. Bc1 Bg7 26. h6 Bf8 27. Ne2 Ng4 28. Qh4 Nxh6 29. Rdf1 f5 30. Nd4 fxe4 31. Nxc6+ Qxc6 32. Bxe4 d5 33. Bd3 Bg7 34. Rhg1 Qc7 35. Rg6 Nf5 36. Qg4 Rcg8 37. Rxe6 Nd4 38. Rg6 Qc8 39. Rg1 1-0

[Event "Titled Tuesday intern op 06th Feb Late"]
[Site "Chess.com INT"]
[Date "2024.02.06"]
[Round "8"]
[White "Bonin, Jay R"]
[Black "Sroczynski, Maciej"]
[Result "1-0"]
[WhiteElo "2155"]
[BlackElo "2266"]
[PlyCount "67"]
[EventDate "2024.02.06"]
[EventType "swiss (blitz)"]
[EventRounds "11"]
[EventCountry "USA"]
[SourceTitle "CB07_2024"]
[SourceDate "2024.02.14"]
[SourceVersion "1"]
[SourceVersionDate "2024.02.14"]
[SourceQuality "1"]

1. d4 Nf6 2. Nf3 d5 3. c4 e6 4. Nc3 a6 5. e3 Be7 6. Qc2 0-0 7. a3 Nbd7 8. h3 c5 9. cxd5 exd5 10. dxc5 Nxc5 11. b4 Ne6 12. Bd3 Bd7 13. 0-0 Rc8 14. Qb3 Bc6 15. Bb2 Ne4 16. Rfd1 Nxc3 17. Bxc3 Bf6 18. Rac1 Qe7 19. Ne5 Bxe5 20. Bxe5 Ng5 21. Qb2 f6 22. Bd4 Ne4 23. Bc5 Nxc5 24. Rxc5 Rfd8 25. Qc2 h6 26. Bxa6 Qd7 27. b5 bxa6 28. bxc6 Qd6 29. c7 Rd7 30. Rcxd5 Rdxc7 31. Qb3 Qe6 32. Rd8+ Kf7 33. R8d7+ Rxd7 34. Rxd7+ 1-0

[Event "Titled Tuesday intern op 23rd Jan Late"]
[Site "Chess.com INT"]
[Date "2024.01.23"]
[Round "7"]
[White "Rose, Felix"]
[Black "Sroczynski, Maciej"]
[Result "0-1"]
[WhiteElo "2091"]
[BlackElo "2266"]
[PlyCount "38"]
[EventDate "2024.01.23"]
[EventType "swiss (blitz)"]
[EventRounds "11"]
[EventCountry "USA"]
[SourceTitle "CB05_2024"]
[SourceDate "2024.01.31"]
[SourceVersion "1"]
[SourceVersionDate "2024.01.31"]
[SourceQuality "1"]

1. d4 Nf6 2. Nf3 c5 3. e3 d5 4. Be2 g6 5. 0-0 Bg7 6. c3 Qc7 7. h3 0-0 8. Bd3 Nbd7 9. Nbd2 e5 10. Nxe5 Nxe5 11. dxe5 Qxe5 12. Re1 Ne4 13. Nf3 Qe7 14. Qc2 Bf5 15. g4 Bd7 16. c4 Bc6 17. Rb1 dxc4 18. Bxc4 Nd6 19. Be2 Be4 0-1

[Event "Titled Tuesday intern op 23rd Jan Late"]
[Site "Chess.com INT"]
[Date "2024.01.23"]
[Round "2"]
[White "Sroczynski, Maciej"]
[Black "Harish, Neeraj"]
[Result "1-0"]
[WhiteElo "2266"]
[BlackElo "2090"]
[PlyCount "57"]
[EventDate "2024.01.23"]
[EventType "swiss (blitz)"]
[EventRounds "11"]
[EventCountry "USA"]
[SourceTitle "CB05_2024"]
[SourceDate "2024.01.31"]
[SourceVersion "1"]
[SourceVersionDate "2024.01.31"]
[SourceQuality "1"]

1. e4 c6 2. d4 d5 3. Nc3 dxe4 4. Nxe4 Nf6 5. Ng3 h5 6. h4 Bg4 7. Be2 Bxe2 8. N1xe2 e6 9. Bg5 Nbd7 10. Qd2 Qb6 11. 0-0-0 a5 12. Qe3 Nd5 13. Qf3 a4 14. Nxh5 a3 15. b3 c5 16. c4 cxd4 17. cxd5 Rc8+ 18. Kb1 e5 19. Nxd4 Qg6+ 20. Nf5 Qxh5 21. g4 Qg6 22. Rhe1 f6 23. Bc1 Bb4 24. Re4 Bc5 25. d6 Nb6 26. Ne7 Qf7 27. Nxc8 Kd7 28. Nxb6+ Bxb6 29. Rc4 1-0

[Event "Titled Tuesday intern op 16th Jan Late"]
[Site "Chess.com INT"]
[Date "2024.01.16"]
[Round "2"]
[White "Sroczynski, Maciej"]
[Black "Chemin, Vitorio"]
[Result "1-0"]
[WhiteElo "2266"]
[BlackElo "2131"]
[PlyCount "61"]
[EventDate "2024.01.16"]
[EventType "swiss (blitz)"]
[EventRounds "11"]
[EventCountry "USA"]
[SourceTitle "CB04_2024"]
[SourceDate "2023.10.16"]
[SourceVersion "1"]
[SourceVersionDate "2023.10.16"]
[SourceQuality "1"]

1. e4 c5 2. Nf3 Nc6 3. d4 cxd4 4. Nxd4 e5 5. Nb5 d6 6. c4 a6 7. N5a3 Nf6 8. Nc3 Be6 9. Be3 Be7 10. Be2 0-0 11. 0-0 Qa5 12. Qd2 Rfd8 13. f3 d5 14. Nxd5 Qxd2 15. Bxd2 Bxa3 16. bxa3 Nd4 17. Bd3 Nxd5 18. cxd5 Bd7 19. Rfc1 Rdc8 20. Kf2 Bb5 21. Ke3 f5 22. Bc3 f4+ 23. Kd2 Bxd3 24. Kxd3 Nb5 25. Bxe5 Nxa3 26. Bxf4 b5 27. Be5 Nc4 28. Bd4 Rd8 29. a4 Rab8 30. axb5 axb5 31. Ra7 1-0

[Event "Titled Tuesday intern op 19th Dec Early"]
[Site "Chess.com INT"]
[Date "2023.12.19"]
[Round "2"]
[White "San, Thit Lwin"]
[Black "Sroczynski, Maciej"]
[Result "1-0"]
[WhiteElo "2242"]
[BlackElo "2266"]
[PlyCount "91"]
[EventDate "2023.12.19"]
[EventType "swiss (blitz)"]
[EventRounds "11"]
[EventCountry "USA"]
[SourceTitle "CB52_2023"]
[SourceDate "2023.12.27"]
[SourceVersion "1"]
[SourceVersionDate "2023.12.27"]
[SourceQuality "1"]

1. Nf3 c5 2. c4 g6 3. Nc3 Bg7 4. e4 Nc6 5. Be2 e6 6. 0-0 Nge7 7. d3 a6 8. Be3 Nd4 9. Rc1 0-0 10. a3 d6 11. b4 b6 12. Re1 Bb7 13. Bf1 Rc8 14. bxc5 bxc5 15. Bxd4 cxd4 16. Ne2 d5 17. Nexd4 dxe4 18. dxe4 Qa5 19. Qb3 Rb8 20. Qb4 Qc7 21. Qa4 Rfd8 22. Rcd1 Nc6 23. Nb3 Ne5 24. Nxe5 Bxe5 25. h3 Bc6 26. Rxd8+ Rxd8 27. Qa5 Qb8 28. Qxa6 Rd6 29. c5 Rd8 30. Qxc6 Qxb3 31. Qb6 Rb8 32. Qxb3 Rxb3 33. Rc1 Rxa3 34. c6 Bc7 35. g3 Kf8 36. Rd1 Ra2 37. Rd7 Ra7 38. Bb5 h5 39. f4 Ke8 40. Kg2 Ra2+ 41. Kf3 Ra7 42. g4 hxg4+ 43. hxg4 Ra3+ 44. Ke2 Bxf4 45. c7 Bxc7 46. Rd3+ 1-0

[Event "Titled Tuesday intern op 12th Dec Early"]
[Site "Chess.com INT"]
[Date "2023.12.12"]
[Round "6"]
[White "Atakhan, Abtin"]
[Black "Sroczynski, Maciej"]
[Result "1-0"]
[WhiteElo "2417"]
[BlackElo "2266"]
[PlyCount "59"]
[EventDate "2023.12.12"]
[EventType "swiss (blitz)"]
[EventRounds "11"]
[EventCountry "USA"]
[SourceTitle "CB51_2023"]
[SourceDate "2023.12.20"]
[SourceVersion "1"]
[SourceVersionDate "2023.12.20"]
[SourceQuality "1"]

1. c4 c5 2. Nf3 g6 3. d4 Bg7 4. e4 cxd4 5. Nxd4 Nc6 6. Be3 Nf6 7. Nc3 d6 8. f3 0-0 9. Qd2 Nxd4 10. Bxd4 a6 11. Be2 Bd7 12. 0-0 Qa5 13. Rfd1 Rfc8 14. Rab1 b5 15. b4 Qc7 16. Bxf6 Bxf6 17. Nd5 Qb7 18. c5 Be6 19. Nxf6+ exf6 20. Qxd6 Bxa2 21. Ra1 Be6 22. Qf4 Qe7 23. Ra5 f5 24. Rd6 fxe4 25. Qxe4 Rd8 26. h3 Qg5 27. f4 Qg3 28. Bf3 Bc4 29. Raxa6 Re8 30. Rxa8 1-0

[Event "Titled Tuesday intern op 12th Dec Early"]
[Site "Chess.com INT"]
[Date "2023.12.12"]
[Round "3"]
[White "Sroczynski, Maciej"]
[Black "Osmonbekov, Talaibek D"]
[Result "1-0"]
[WhiteElo "2266"]
[BlackElo "2137"]
[PlyCount "113"]
[EventDate "2023.12.12"]
[EventType "swiss (blitz)"]
[EventRounds "11"]
[EventCountry "USA"]
[SourceTitle "CB51_2023"]
[SourceDate "2023.12.20"]
[SourceVersion "1"]
[SourceVersionDate "2023.12.20"]
[SourceQuality "1"]

1. d4 e6 2. c4 f5 3. g3 Nf6 4. Bg2 Be7 5. f4 0-0 6. Nf3 d6 7. Nc3 Nbd7 8. Ng5 Nb6 9. b3 h6 10. Nf3 Ne4 11. Bb2 a5 12. a4 Bf6 13. 0-0 g5 14. e3 g4 15. Nd2 d5 16. Ndxe4 fxe4 17. Qxg4+ Kh8 18. c5 Nd7 19. Qh5 Bg7 20. Bh3 Nf6 21. Qe2 Qe7 22. Kh1 c6 23. g4 Bd7 24. Rg1 Nh7 25. Nd1 Qh4 26. Qg2 Rg8 27. Nf2 Raf8 28. Bc3 Bf6 29. Bxa5 Bxd4 30. exd4 Rxf4 31. Raf1 Rgf8 32. Nd1 Ng5 33. Rxf4 Rxf4 34. Bd2 Nxh3 35. Bxf4 Nxf4 36. Qg3 Qxg3 37. Rxg3 Ne2 38. Rh3 Kg7 39. Nc3 Nxd4 40. b4 e5 41. b5 cxb5 42. axb5 Nxb5 43. Nxd5 Bc6 44. Ne3 Nd4 45. Rh5 Nf3 46. Rf5 Nd2 47. Rxe5 Nb3 48. h4 Kf6 49. Rf5+ Kg6 50. Kh2 Nd4 51. h5+ Kg7 52. Rf2 Nf3+ 53. Kg3 Ne5 54. Ra2 Nd3 55. Rc2 Kf6 56. Nf5 Kg5 57. Ne3 1-0

[Event "Titled Tuesday intern op 14th Nov Early"]
[Site "Chess.com INT"]
[Date "2023.11.14"]
[Round "1"]
[White "Sroczynski, Maciej"]
[Black "Narayanan, Srinath"]
[Result "0-1"]
[WhiteElo "2266"]
[BlackElo "2552"]
[PlyCount "40"]
[EventDate "2023.11.14"]
[EventType "swiss (blitz)"]
[EventRounds "11"]
[EventCountry "USA"]
[SourceTitle "CB47_2023"]
[SourceDate "2023.11.22"]
[SourceVersion "1"]
[SourceVersionDate "2023.11.22"]
[SourceQuality "1"]

1. Nf3 d5 2. g3 g6 3. Bg2 Bg7 4. d3 e5 5. 0-0 Ne7 6. e4 Nbc6 7. c3 0-0 8. b4 a6 9. a4 h6 10. Ba3 b5 11. Nbd2 Be6 12. Nb3 dxe4 13. Nfd2 exd3 14. Nc5 Bd5 15. Re1 Bxg2 16. Kxg2 Qd5+ 17. Qf3 Qxf3+ 18. Kxf3 f5 19. Ne6 e4+ 20. Ke3 Nd5# 0-1

[Event "Titled Tuesday intern op 24th Oct Late"]
[Site "Chess.com INT"]
[Date "2023.10.24"]
[Round "7"]
[White "Taboas Rodriguez, Daniel"]
[Black "Sroczynski, Maciej"]
[Result "1-0"]
[WhiteElo "2368"]
[BlackElo "2271"]
[PlyCount "61"]
[EventDate "2023.10.24"]
[EventType "swiss (blitz)"]
[EventRounds "11"]
[EventCountry "USA"]
[SourceTitle "Mega2024 Update 01"]
[Source "Chessbase"]
[SourceDate "2023.11.12"]
[SourceVersion "1"]
[SourceVersionDate "2023.11.12"]
[SourceQuality "1"]

1. d4 Nf6 2. Nf3 d5 3. c4 e6 4. Nc3 Bb4 5. e3 0-0 6. Bd3 Nbd7 7. 0-0 b6 8. cxd5 exd5 9. Qa4 Be7 10. Qc6 Rb8 11. Nxd5 Bb7 12. Nxe7+ Qxe7 13. Qxc7 Rfe8 14. Qg3 Ne4 15. Qh3 Rbc8 16. Bd2 Nxd2 17. Nxd2 Nf6 18. Rac1 Qb4 19. Nb3 a5 20. Rxc8 Rxc8 21. Bf5 Rc4 22. Qg3 Qf8 23. Nd2 Rb4 24. b3 g6 25. Bd3 a4 26. Qc7 axb3 27. axb3 Bd5 28. Qc3 h5 29. e4 Be6 30. d5 Bd7 31. Qxf6 1-0